000 00946nam a22002297a 4500
005 20160121105929.0
010 _a1516ENO7 ENG-114547
020 _a9789350713785
_c285.00
035 _aEN-98079
035 _aB-602773-798
037 _adpl
_bKBD/Ven
037 _bDBAD/PUB
082 _a343.055
100 _aSinghania, Vinod K.
245 _aTaxmann students' guide to indirect tax laws :
_cby Vinod K. Singhania [and] Monica Singhania
_bservice tax / vat /central excise/ customs law /
260 _aNew Delhi
_bTaxmann Publications
_c2014
270 _a59/32, New Rohtak Road,
_bNew Delhi
_e110005
_k+91-11-45562222
300 _aI-16,318p.
_c24cm(pbk)
700 _aSinghania, Monica
942 _2ddc
_cEN
_mSIN
_h343.055
999 _c95882
_d95882